000 00341nam a22001337a 4500
008 250312b |||||||| |||| 00| 0 eng d
020 _a9782601012
050 _aHC1055
_b.H95
100 _aAYIDA, A. Allison
245 _aReflections on Nigeria Development
260 _aIbadan
_bMalthouse Press
_c1987
300 _axxiii, 278p.
942 _cBK
999 _c2284
_d2284